000 00718nam a2200193 4500
001 126606
003 ES-MaACL
005 20230906192840.0
007 t|
008 070214s1956 sp r ||||1| spa d
100 1 _aRequena, Fermín.
_996291
245 1 0 _aMuhammad y Al-Qasim, `amires` de Algeciras /
_cFermín Requena ; prólogo del Marqués de Desio ; portada de Gabriel Requena Escudero.
260 _aAntequera :
_b[s. n.],
_c1956 (
_fTip. San Nicolás de Bari)
300 _a120 p. ;
_c19 cm.
700 1 _aRequena Escudero, Gabriel.
_996300
700 1 _aDesio, José Antonio de Sangroniz y Castro, Marqués de,
_d1899-1980
_9103145
852 _aES-MaACL
_jC-10563
_bR.38582
999 _c126606
_d126606